000 00663nam a2200241Ia 4500
005 20260430150030.0
008 008 250103s9999 xx 000 0 eng d
037 _aTheses
040 _aCRL
040 _beng
040 _ceng
041 _2eng
041 _aeng
084 _qCRL
100 _aChhabra Heeral Au.; Farooqui Amae Gu.; Kaul Shonaleeka Gu.
_91236249
245 0 _aAnimals Welfare State regulations and question of Cruelty c. 1900-1940s
260 _c2022
300 _a345p.
650 _aHistory
700 _aUniversity of Delhi. Faculty of Social Science. Deptt of History
_91236245
942 _cTH
999 _c1848776
_d1848776